000 00654nam a22001817a 4500
003 UA-OsUOA
001 9224
007 ta
008 20041028b un ||||| |||| 00| 0 ukr d
100 _aПінчук М .
942 _cSA
040 _aUA-OsUOA
_cUA-OsUOA
_dUA-OsUOA
245 _aКримінально-правова характеристика незаконного поводження зі зброєю , бойовими припасами або вибуховими речовинами
300 _aС.69-75
955 _a0
773 0 _w0
_tПраво України
_dКиїв
_d2004
_gN10
650 7 _aКримінальне право
_2UDC
999 _c295385
_d295385